000 00828nam a2200265 i 4500
003 DO-SdBNP
005 20230616093541.0
007 ta
008 230616b2023 dr ||||| |||| 00| 0 spa d
020 _a9789945222548
040 _aDO-SdBNP
_bspa
_cBNPHU
_erda
082 4 _222
100 _aGómez, Jackie,
_eautora
_983551
245 1 0 _aUn plan para encontrarte, el plan de Dios /
_cJackie Gómez
264 _aSanto Domingo :
_bDíez veces más,
_c2023.
300 _a96 páginas ;
_c21 cm.
336 _2rdacontent
_atexto
_btxt
337 _2rdamedia
_asin mediación
_bn
338 _2rdacarrier
_avolumen
_bnc
500 _aIncluye datos biográficos de la autora en la contracubierta
590 _aInventariado, 2023/BT
700 1 _aRosrio, Marcelino del,
_eprólogo
_983552
910 _aBtavárez
942 _2ddc
_cLBS1
999 _c53846
_d53846